[Event "Moscow Open C University Men"]
[Site "Moscow RUS"]
[Date "2011.01.29"]
[Round "1.1"]
[White "Popov, Ivan RUS"]
[Black "Dzhumaev, Almir"]
[Result "1-0"]
[WhiteTitle "GM"]
[WhiteElo "2609"]
[BlackElo "2226"]
[WhiteFideId "4170350"]
[BlackFideId "24169544"]
[EventDate "2011.01.29"]

1. e4 e5 2. Nf3 Nc6 3. Bc4 Nf6 4. d3 Bc5 5. c3 d6 6. Bb3 a5 7. h3 h6 8. Nbd2 O-O
9. O-O b5 10. Re1 a4 11. Bc2 Nh7 12. Nf1 f5 13. d4 exd4 14. cxd4 Bb6 15. exf5
Bxf5 16. Bxf5 Rxf5 17. Ne3 Rf7 18. Nd5 Ba7 19. Be3 Nf6 20. Nc3 Rb8 21. d5 Bxe3
22. dxc6 Bc5 23. Nd4 Nh5 24. Ne4 Ba7 25. g3 Nf6 26. Nc3 Qc8 27. g4 Qa6 28. Nf5
Kh8 29. Qf3 b4 30. Ne2 Nh7 31. Qd5 Rf6 32. Nf4 Ng5 33. Re7 Rg8 34. h4 Nh7 35.
Rae1 Qb6 36. R1e2 Qc5 37. Qxc5 Bxc5 38. h5 Ng5 39. Ng6+ Kh7 40. Rxc7 d5 41. Re8
Rxf5 42. Rxg8 Nh3+ 43. Kh1 Nxf2+ 44. Kg2 1-0

[Event "Moscow Open C University Men"]
[Site "Moscow RUS"]
[Date "2011.01.29"]
[Round "1.2"]
[White "Chizhikov, Vladislav"]
[Black "Ponkratov, Pavel"]
[Result "0-1"]
[BlackTitle "GM"]
[WhiteElo "2225"]
[BlackElo "2581"]
[WhiteFideId "4178157"]
[BlackFideId "4157800"]
[EventDate "2011.01.29"]

1. e4 e5 2. Nf3 Nc6 3. Bb5 f5 4. Nc3 Nf6 5. Qe2 fxe4 6. Nxe4 d5 7. Nxf6+ gxf6 8.
Nd4 Qd6 9. O-O Bd7 10. Qh5+ Kd8 11. Nxc6+ bxc6 12. Be2 Qe6 13. d3 Qf5 14. Qh4
Rg8 15. Kh1 Qg6 16. g3 Be7 17. f4 f5 18. Qh3 e4 19. d4 Be6 20. Be3 Kd7 21. b3 a5
22. a4 Qf6 23. Qg2 Rg7 24. Qf2 Bf7 25. Rg1 Bb4 26. Rad1 Rag8 27. h3 Qh6 28. Kh2
Bh5 29. Rg2 Bg4 30. Bxg4 Rxg4 31. Rh1 Be7 32. Kg1 R4g6 33. h4 Qh5 34. Rh3 Bb4
35. Kh1 Qf3 36. Kh2 Qxf2 37. Bxf2 h5 38. Rg1 c5 39. dxc5 Rc6 40. Rd1 Ke6 41. c4
dxc4 42. bxc4 Bxc5 43. Bxc5 Rxc5 44. Rd4 Rg7 45. Kg2 Rd7 46. Rxd7 Kxd7 47. g4
fxg4 48. Rc3 Ke6 49. Kf2 Kf5 50. Ke3 Rc6 51. c5 g3 52. Rc2 Rg6 53. Rg2 c6 54.
Rg1 g2 55. Kf2 Kxf4 56. Rxg2 Rxg2+ 57. Kxg2 Ke3 0-1

[Event "Moscow Open C University Men"]
[Site "Moscow RUS"]
[Date "2011.01.29"]
[Round "1.3"]
[White "Novikov, Stanislav"]
[Black "Koreschikov, Maxim"]
[Result "1-0"]
[WhiteTitle "GM"]
[BlackTitle "FM"]
[WhiteElo "2568"]
[BlackElo "2309"]
[WhiteFideId "4125371"]
[BlackFideId "24103900"]
[EventDate "2011.01.29"]

1. c4 c5 2. Nc3 Nf6 3. g3 e6 4. Nf3 b6 5. Bg2 Bb7 6. O-O Be7 7. b3 O-O 8. Bb2 a6
9. e3 d5 10. d3 Qc7 11. Qe2 Nc6 12. Rfd1 d4 13. exd4 cxd4 14. Ne4 e5 15. Nxf6+
Bxf6 16. Ba3 Rfe8 17. Nd2 Be7 18. Bxe7 Rxe7 19. a3 Nd8 20. Bxb7 Nxb7 21. b4 Qc6
22. Re1 Rae8 23. Qe4 Qxe4 24. Rxe4 Nd6 25. Re2 f6 26. Nb3 Kf7 27. a4 Rc7 28. Rc1
b5 29. cxb5 Rxc1+ 30. Nxc1 axb5 31. a5 Rc8 32. Nb3 Rc3 33. Nc5 Nc8 34. f4 exf4
35. gxf4 Na7 36. f5 Nc6 37. a6 Nxb4 38. a7 Ra3 39. Nb7 g6 40. Nd6+ 1-0

[Event "Moscow Open C University Men"]
[Site "Moscow RUS"]
[Date "2011.01.29"]
[Round "1.4"]
[White "Papin, Vasily"]
[Black "Barsamian, Eduard"]
[Result "1-0"]
[WhiteTitle "IM"]
[WhiteElo "2568"]
[BlackElo "2213"]
[WhiteFideId "4143183"]
[BlackFideId "24102016"]
[EventDate "2011.01.29"]

1. d4 d5 2. c4 c6 3. Nf3 Nf6 4. Qc2 g6 5. e3 Bf5 6. Bd3 Bxd3 7. Qxd3 Bg7 8. O-O
O-O 9. Nc3 Nbd7 10. b3 Re8 11. Bb2 Rc8 12. Rfd1 Qc7 13. Rac1 Qb8 14. h3 a6 15.
Qe2 Rcd8 16. Rc2 h6 17. Rcd2 Ne4 18. Nxe4 dxe4 19. Ne1 c5 20. dxc5 Nxc5 21. Bxg7
Kxg7 22. Rd5 Rxd5 23. Rxd5 Qc7 24. Qb2+ e5 25. Qd2 Ne6 26. Nc2 Rd8 27. Nb4 a5
28. Rxd8 Qxd8 29. Nd5 b6 30. b4 f6 31. bxa5 bxa5 32. Qb2 Qc8 33. Qb6 h5 34. Qa7+
Kh6 35. Nxf6 1-0

[Event "Moscow Open C University Men"]
[Site "Moscow RUS"]
[Date "2011.01.29"]
[Round "1.5"]
[White "Piskun, Alexey"]
[Black "Kharitonov, Alexandr"]
[Result "0-1"]
[BlackTitle "GM"]
[WhiteElo "2213"]
[BlackElo "2552"]
[WhiteFideId "24105511"]
[BlackFideId "4135202"]
[EventDate "2011.01.29"]

1. e4 c6 2. Nc3 d5 3. Nf3 Bg4 4. h3 Bxf3 5. Qxf3 e6 6. d4 Nf6 7. Bg5 h6 8. Bh4
Bb4 9. Bxf6 Qxf6 10. Qxf6 gxf6 11. exd5 cxd5 12. O-O-O Nd7 13. Ne2 Bd6 14. g4 h5
15. Bg2 Rg8 16. Bf3 hxg4 17. hxg4 Rc8 18. Kb1 b5 19. c3 a5 20. Rc1 Ke7 21. b3
Ba3 22. Rc2 Rc7 23. Nf4 Nb6 24. Re1 Kd6 25. Nh5 Rcc8 26. Re3 b4 27. Nxf6 bxc3
28. g5 Nc4 29. bxc4 Rb8+ 30. Ka1 Bb2+ 31. Kb1 Ba3+ 32. Ka1 Rb7 33. c5+ Kc6 34.
Re1 Bb2+ 35. Rxb2 Rxb2 36. Ne4 dxe4 37. Bxe4+ Kc7 38. f3 c2 0-1

[Event "Moscow Open C University Men"]
[Site "Moscow RUS"]
[Date "2011.01.29"]
[Round "1.6"]
[White "Evdokimov, Alexander A."]
[Black "Kretov, Evgueij"]
[Result "1-0"]
[WhiteTitle "GM"]
[WhiteElo "2551"]
[BlackElo "2210"]
[WhiteFideId "4139275"]
[BlackFideId "4167821"]
[EventDate "2011.01.29"]

1. d4 Nf6 2. c4 e6 3. Nf3 d5 4. g3 Bb4+ 5. Bd2 Be7 6. Bg2 O-O 7. O-O c6 8. Qc2
Nbd7 9. b3 b6 10. Rd1 Bb7 11. Nc3 Rc8 12. e4 dxe4 13. Nxe4 c5 14. Nxf6+ Nxf6 15.
dxc5 Bxc5 16. Bc3 Be4 17. Qe2 Bxf3 18. Bxf3 Qe7 19. Rd3 Rfd8 20. Rad1 a5 21. Kg2
h6 22. Be5 Bb4 23. Qe3 Bc5 24. Qd2 Rxd3 25. Qxd3 Re8 26. h4 Rf8 27. Bd6 Bxd6 28.
Qxd6 Qxd6 29. Rxd6 Rb8 30. c5 bxc5 31. Ra6 Nd5 32. Rxa5 Nb4 33. Be2 g6 34. Bc4
Kg7 35. Kf1 Kf6 36. Ke2 Rc8 37. Kd2 Rc7 38. a3 Nd5 39. Rb5 Kf5 40. a4 Ke4 41. a5
Nb4 42. Ke2 Nc6 43. f3+ Ke5 44. f4+ Ke4 45. Bd3+ Kd4 46. a6 f5 47. Rb6 e5 48.
Bb5 Na5 49. Rd6+ Kc3 50. fxe5 Nxb3 51. Bd7 Nd4+ 52. Kf2 f4 53. g4 h5 54. gxh5
gxh5 55. e6 Nf5 56. Rc6 1-0

[Event "Moscow Open C University Men"]
[Site "Moscow RUS"]
[Date "2011.01.29"]
[Round "1.7"]
[White "Zimin, Alexey"]
[Black "Ovetchkin, Roman"]
[Result "1/2-1/2"]
[BlackTitle "GM"]
[WhiteElo "2208"]
[BlackElo "2498"]
[WhiteFideId "4168925"]
[BlackFideId "4119991"]
[EventDate "2011.01.29"]

1. e4 c6 2. d4 d5 3. f3 Qb6 4. Nc3 dxe4 5. fxe4 e5 6. Nf3 exd4 7. Nxd4 Bc5 8.
Na4 Qa5+ 9. c3 Be7 10. Bf4 Nf6 11. b4 Qd8 12. Qc2 Nh5 13. Be3 Bg5 14. Qd2 Bxe3
15. Qxe3 O-O 16. Bd3 Nd7 17. O-O Ne5 18. Rad1 Nf6 19. Nf5 Bxf5 20. exf5 Re8 21.
Qh3 Nxd3 22. Rxd3 Qe7 23. Nc5 a5 24. a3 axb4 25. axb4 Ra3 26. Rfd1 Nd5 27. Qg3
b6 28. c4 Rxd3 29. Nxd3 Qe3+ 30. Qf2 Qxf2+ 31. Kxf2 Ne3 32. Re1 Ng4+ 33. Kg3
Rxe1 34. Nxe1 Ne3 35. c5 b5 36. Kf4 Nd5+ 37. Ke5 Nxb4 38. Kd6 Kf8 39. Nf3 f6 40.
Kd7 Kf7 41. Nd4 g6 42. g4 gxf5 43. gxf5 Kg7 44. Kd6 Kh6 45. Nxc6 Nxc6 46. Kxc6
b4 47. Kd6 b3 48. c6 b2 49. c7 b1=Q 50. c8=Q Kg5 51. Qg8+ Kf4 52. Qxh7 Qb6+ 53.
Kd5 Qb5+ 54. Kd4 Qe5+ 55. Kd3 Qxf5+ 56. Qxf5+ 1/2-1/2

[Event "Moscow Open C University Men"]
[Site "Moscow RUS"]
[Date "2011.01.29"]
[Round "1.8"]
[White "Reshetnikov, Alexey"]
[Black "Shefer, Alexander"]
[Result "1/2-1/2"]
[WhiteTitle "IM"]
[WhiteElo "2478"]
[BlackElo "2202"]
[WhiteFideId "4162080"]
[BlackFideId "4198581"]
[EventDate "2011.01.29"]

1. c4 Nf6 2. Nf3 e6 3. Nc3 d5 4. d4 c5 5. cxd5 Nxd5 6. g3 cxd4 7. Nxd5 Qa5+ 8.
Qd2 Qxd5 9. Qxd4 Qxd4 10. Nxd4 Bb4+ 11. Bd2 Bxd2+ 12. Kxd2 Bd7 13. Bg2 Nc6 14.
Bxc6 Bxc6 15. Nxc6 bxc6 16. Rhc1 Kd7 17. Rc4 Rhb8 18. Rd1 Kc7 19. Kc3 Rd8 20.
Rcd4 Rxd4 21. Rxd4 Re8 22. Rg4 g6 23. Rh4 h5 24. Ra4 Kb6 25. Rd4 Kc7 26. Rd3 f6
27. e4 e5 28. Kc4 Re6 29. Kc5 f5 30. exf5 gxf5 31. Rf3 Rf6 32. Ra3 Kb7 33. Ra4
e4 34. Rd4 Kc7 35. Kc4 Re6 36. Kc3 Re5 37. Kc2 Ra5 38. a3 Re5 39. b4 c5 40. Rd2
cxb4 41. axb4 Kc6 1/2-1/2

[Event "Moscow Open C University Men"]
[Site "Moscow RUS"]
[Date "2011.01.29"]
[Round "1.9"]
[White "Myshkin, Nikita"]
[Black "Matsenko, Sergei"]
[Result "1/2-1/2"]
[BlackTitle "IM"]
[WhiteElo "2174"]
[BlackElo "2475"]
[WhiteFideId "4124561"]
[BlackFideId "4170083"]
[EventDate "2011.01.29"]

1. d4 d5 2. Nf3 Nf6 3. c4 c6 4. Nc3 e6 5. e3 a6 6. a4 c5 7. Bd3 Nc6 8. O-O cxd4
9. exd4 Be7 10. Bg5 O-O 11. Re1 Nb4 12. cxd5 Nbxd5 13. Qb3 b6 14. Nxd5 Nxd5 15.
Bxe7 Nxe7 16. Be4 Ra7 17. Qc2 h6 18. Rac1 Bb7 19. Qc7 Qa8 20. Bxb7 Rxb7 21. Qe5
Rd7 22. Rc4 Rfd8 23. Rec1 Nf5 24. h3 Rd5 25. Qc7 b5 26. axb5 axb5 27. Rc5 R5d7
28. Qb6 Rb8 29. Qxb8+ Qxb8 30. Rc8+ Qxc8 31. Rxc8+ Kh7 32. Rb8 Rd5 33. Kf1 Nd6
34. b3 f6 35. Ke2 Kg6 36. Ke3 Nf5+ 37. Ke4 h5 38. Rb6 Kf7 39. Rb7+ Kf8 40. Rb8+
Ke7 41. Rb7+ Kd8 42. Ra7 h4 43. Ra6 Kd7 44. Ra7+ Ke8 45. Ra8+ Kf7 46. Ra7+ Kg6
47. Ra6 Nd6+ 48. Ke3 Kh5 49. Rc6 g5 50. Rc5 Nf5+ 51. Kd3 g4 52. Rxd5 exd5 53.
hxg4+ Kxg4 54. Ne1 Ne7 55. Nc2 f5 56. Ne3+ Kg5 57. Nf1 Ng6 58. Ke3 Nf4 59. Kf3
Ne6 60. Ke3 f4+ 61. Kd3 f3 62. g3 hxg3 63. fxg3 Kg4 64. Ke3 Ng5 65. b4 Ne6 66.
Nh2+ Kxg3 67. Nxf3 Nf4 68. Ne5 Ng2+ 69. Kd3 Kf4 70. Nc6 Ne1+ 71. Kc3 Ke4 72. Na7
Nf3 73. Nxb5 Ke3 74. Nc7 Nxd4 75. Nxd5+ Ke4 76. Kc4 Nc2 1/2-1/2

[Event "Moscow Open C University Men"]
[Site "Moscow RUS"]
[Date "2011.01.29"]
[Round "1.10"]
[White "Potapov, Pavel"]
[Black "Vorobjev, Dmitry"]
[Result "1-0"]
[WhiteTitle "IM"]
[WhiteElo "2470"]
[BlackElo "2154"]
[WhiteFideId "4169786"]
[BlackFideId "24112178"]
[EventDate "2011.01.29"]

1. e4 d5 2. exd5 Nf6 3. d4 Nxd5 4. Nf3 g6 5. c4 Nb6 6. Nc3 Bg7 7. c5 Nd5 8. Bc4
Nxc3 9. bxc3 O-O 10. O-O Nc6 11. Re1 Bg4 12. Bg5 Qd7 13. h3 Bxf3 14. Qxf3 e5 15.
Rad1 exd4 16. cxd4 Nxd4 17. Qxb7 Rab8 18. Qxa7 Qc6 19. Re7 Rb7 20. Qa5 Bf6 21.
Bxf6 Qxf6 22. Re4 Rb2 23. Qe1 Nc6 24. Qe3 Na5 25. Bd5 c6 26. Rf4 Qg7 27. Rxf7
Rxf7 28. Qe8+ Qf8 29. Bxf7+ Kg7 30. Qe5+ Kxf7 31. Rd7+ Kg8 32. Qxb2 1-0

[Event "Moscow Open C University Men"]
[Site "Moscow RUS"]
[Date "2011.01.29"]
[Round "1.11"]
[White "Khmara, Maxim"]
[Black "Nakhapetiane, Pogos"]
[Result "0-1"]
[BlackTitle "FM"]
[WhiteElo "2132"]
[BlackElo "2469"]
[WhiteFideId "4177681"]
[BlackFideId "4166728"]
[EventDate "2011.01.29"]

1. e4 c5 2. d3 e6 3. g3 d5 4. Nd2 Nc6 5. Bg2 Nf6 6. Ngf3 g6 7. O-O Bg7 8. exd5
Nxd5 9. Ne4 b6 10. c4 Nde7 11. Bg5 O-O 12. Nf6+ Kh8 13. Ne5 Nxe5 14. Bxa8 h6 15.
Bh4 Nf5 16. Ne4 Nxh4 17. gxh4 Qxh4 18. f4 Ng4 19. Qe2 Bd7 20. Nxc5 bxc5 0-1

[Event "Moscow Open C University Men"]
[Site "Moscow RUS"]
[Date "2011.01.29"]
[Round "1.12"]
[White "Sharafiev, Azat"]
[Black "Borisovsky, Viktor"]
[Result "1-0"]
[WhiteTitle "FM"]
[WhiteElo "2462"]
[BlackElo "2118"]
[WhiteFideId "4186214"]
[BlackFideId "24131768"]
[EventDate "2011.01.29"]

1. d4 e6 2. e4 d5 3. Nd2 dxe4 4. Nxe4 Nf6 5. Nxf6+ gxf6 6. Nf3 c5 7. Be3 cxd4 8.
Nxd4 Bd7 9. Qh5 Bb4+ 10. c3 Qa5 11. Nb5 a6 12. cxb4 Qxb4+ 13. Nc3 Qxb2 14. Rc1
Bc6 15. Bc4 Bxg2 16. Bxe6 Rf8 17. Rg1 Bc6 18. Bxf7+ 1-0

[Event "Moscow Open C University Men"]
[Site "Moscow RUS"]
[Date "2011.01.29"]
[Round "1.13"]
[White "Tiukaev, Ilgiz"]
[Black "Bagrationi, Alexander"]
[Result "0-1"]
[BlackTitle "IM"]
[WhiteElo "2117"]
[BlackElo "2459"]
[WhiteFideId "14201305"]
[BlackFideId "14104954"]
[EventDate "2011.01.29"]

1. e4 c5 2. Nc3 d6 3. g3 Nc6 4. Bg2 g6 5. d3 Bg7 6. f4 Nh6 7. Nf3 O-O 8. O-O f5
9. Kh1 Nf7 10. Be3 Nd4 11. Qd2 Rb8 12. Nd1 b5 13. c3 Nxf3 14. Bxf3 Bb7 15. Qg2
a5 16. d4 fxe4 17. Bxe4 Bxe4 18. Qxe4 d5 19. Qg2 c4 20. f5 gxf5 21. Rxf5 e6 22.
Rh5 Qf6 23. Bf4 Qg6 24. Qe2 Rb7 25. Nf2 b4 26. Re1 bxc3 27. bxc3 Rb1 28. Rxb1
Qxb1+ 29. Kg2 Re8 30. Ng4 a4 31. Kh3 Qd3 32. Qxd3 cxd3 33. Nf2 Rc8 34. Nxd3 Rxc3
35. Nc5 Nd8 36. Be5 Bxe5 37. Rxe5 Kf7 38. Rh5 Kg6 39. Re5 Kf6 40. Nxa4 Ra3 41.
Nc5 Rxa2 42. Rh5 Nf7 43. Rh4 h6 44. Kg4 Rf2 45. Kh5 Nd6 46. Rf4+ Rxf4 47. gxf4
Nf5 48. Nb3 Ne3 49. h4 Nf5 50. Kg4 Kg6 51. h5+ Kf6 52. Kf3 Ke7 53. Kf2 Ng7 54.
Nc1 Nxh5 55. Kf3 Ng7 56. Kg4 Kf6 57. Ne2 h5+ 0-1

[Event "Moscow Open C University Men"]
[Site "Moscow RUS"]
[Date "2011.01.29"]
[Round "1.14"]
[White "Shukh, Nikolai"]
[Black "Kartsev, Sergei"]
[Result "0-1"]
[WhiteTitle "IM"]
[WhiteElo "2442"]
[BlackElo "2112"]
[WhiteFideId "24102580"]
[BlackFideId "24103853"]
[EventDate "2011.01.29"]

1. e4 c5 2. Nf3 Nc6 3. Nc3 Nf6 4. Bb5 a6 5. Bxc6 dxc6 6. h3 g6 7. d3 Bg7 8. Be3
Nd7 9. Qd2 e5 10. h4 h6 11. O-O-O Qa5 12. Qe2 Nf8 13. Nd2 Be6 14. Kb1 b5 15. Nb3
Bxb3 16. cxb3 Ne6 17. h5 g5 18. Qc2 Bf8 19. Ne2 Qc7 20. g3 O-O-O 21. Rhf1 f6 22.
f4 Be7 23. Rf2 Rhf8 24. Rdf1 Qd7 25. Nc1 Kb8 26. Qe2 Bd6 27. fxg5 fxg5 28. Rf5
Qe7 29. Qg4 Kc7 30. Bd2 Kb6 31. Be3 Kc7 32. R1f2 Ng7 33. Rxf8 Rxf8 34. Rc2 Qd7
35. Qe2 Ne6 36. Qe1 Qf7 37. Qa5+ Kb7 38. b4 Bc7 39. Qa3 Qxh5 40. Qc3 Bd6 41.
bxc5 Bc7 42. Nb3 Rf3 43. Bc1 Qf7 44. Na5+ Bxa5 45. Qxa5 Qc7 46. Qxc7+ Kxc7 47.
b4 Rxg3 48. Rh2 Nf4 49. Rxh6 Nxd3 50. Bd2 Nf2 51. Kc2 Nxe4 52. Be1 Re3 53. Kd1
g4 54. Rh5 g3 55. Rh7+ Kd8 56. Rf7 Ke8 57. Rf5 Rxe1+ 58. Kxe1 g2 59. Rxe5+ Kd7 0-1

[Event "Moscow Open C University Men"]
[Site "Moscow RUS"]
[Date "2011.01.29"]
[Round "1.15"]
[White "Anfinogenov, Artem"]
[Black "Nozdrachev, Vladislav"]
[Result "0-1"]
[BlackTitle "FM"]
[WhiteElo "2068"]
[BlackElo "2438"]
[WhiteFideId "4197461"]
[BlackFideId "24113441"]
[EventDate "2011.01.29"]

1. d4 Nf6 2. c4 e6 3. Nc3 Bb4 4. Qc2 O-O 5. e4 d6 6. Nf3 Bxc3+ 7. bxc3 e5 8. Bd3
Nc6 9. O-O Bg4 10. d5 Ne7 11. Nh4 Bc8 12. f4 Nd7 13. Nf5 Nxf5 14. exf5 f6 15.
Be3 b6 16. Rae1 Re8 17. Rf3 Bb7 18. g4 exf4 19. Rxf4 Ne5 20. Re2 c6 21. Be4 Qc7
22. Bg2 cxd5 23. Bxd5+ Bxd5 24. cxd5 Rac8 25. Bd4 Qf7 26. Qb3 Nf3+ 27. Kf2 Rxe2+
28. Kxe2 Nxd4+ 29. Rxd4 Qe7+ 30. Kd3 Qe1 31. Kc2 Re8 32. Rd2 Re2 33. Rxe2 Qxe2+
34. Kc1 Qxg4 35. Qb5 Qg1+ 36. Kb2 Qxh2+ 37. Kb3 Qe5 38. Qc6 h5 39. Qa8+ Kh7 40.
Qc6 Kh6 41. c4 h4 42. Qc8 Kh7 0-1

[Event "Moscow Open C University Men"]
[Site "Moscow RUS"]
[Date "2011.01.29"]
[Round "1.16"]
[White "Efanov, Nikolai"]
[Black "Shvydkin, Pavel"]
[Result "1-0"]
[WhiteTitle "IM"]
[WhiteElo "2421"]
[BlackElo "2064"]
[WhiteFideId "4187997"]
[BlackFideId "24148849"]
[EventDate "2011.01.29"]

1. e4 c5 2. Nf3 Nc6 3. Bb5 g6 4. O-O Bg7 5. Re1 Nf6 6. e5 Nd5 7. Nc3 Nc7 8. Bxc6
dxc6 9. Ne4 b6 10. Nf6+ Kf8 11. Ne4 Bg4 12. d3 Ne6 13. Ned2 g5 14. b3 Qd5 15.
Bb2 Nf4 16. a4 h5 17. a5 Rd8 18. axb6 axb6 19. Ne4 h4 20. h3 Bh5 21. Ra6 g4 22.
hxg4 Bxg4 23. Bc1 Bh6 24. Rxb6 Rg8 25. Kh2 Bxf3 26. Qxf3 Rxg2+ 27. Kh1 c4 28.
Bxf4 Rg6 29. bxc4 Qe6 30. Bxh6+ Rxh6 31. Ng5 1-0

[Event "Moscow Open C University Men"]
[Site "Moscow RUS"]
[Date "2011.01.29"]
[Round "1.17"]
[White "Edzhibia, David"]
[Black "Yaksin, Oleg"]
[Result "1/2-1/2"]
[WhiteElo "2054"]
[BlackElo "2410"]
[WhiteFideId "24109851"]
[BlackFideId "24105880"]
[EventDate "2011.01.29"]

1. e4 c5 2. Nf3 d6 3. d4 cxd4 4. Nxd4 Nf6 5. Nc3 Nc6 6. Bg5 e6 7. Qd2 Be7 8.
O-O-O Qb6 9. Be3 Ng4 10. Nxc6 Nxe3 11. Nxe7 Nxd1 12. Na4 Qxf2 13. Qxd6 Bd7 14.
Nc5 Ne3 15. Qxd7+ Kf8 16. Bd3 Qxg2 17. Re1 Qf2 18. Rh1 Qg2 1/2-1/2

[Event "Moscow Open C University Men"]
[Site "Moscow RUS"]
[Date "2011.01.29"]
[Round "1.18"]
[White "Rakhimgaliyev, Yerlan"]
[Black "Turutin, Alexander"]
[Result "0-1"]
[WhiteTitle "FM"]
[BlackTitle "FM"]
[WhiteElo "2320"]
[BlackElo "2408"]
[WhiteFideId "13705148"]
[BlackFideId "4180623"]
[EventDate "2011.01.29"]

1. e4 e6 2. d4 d5 3. e5 c5 4. c3 Nc6 5. Nf3 Bd7 6. a3 Nge7 7. b4 cxd4 8. cxd4
Nf5 9. Bb2 b5 10. Bxb5 Nxe5 11. Nxe5 Bxb5 12. Nc3 Qb6 13. Nxb5 Qxb5 14. Qe2
Qxe2+ 15. Kxe2 f6 16. Nd3 Nd6 17. Nc5 Kf7 18. a4 Nc4 19. Bc3 Rc8 20. a5 Nd6 21.
Kd3 Nb5 22. a6 Bd6 23. Rhb1 Bc7 24. Bb2 h5 25. Re1 Rce8 26. h3 e5 27. Rac1 e4+
28. Ke2 Bf4 29. Ra1 Rc8 30. Ra5 Nd6 31. Bc1 Bxc1 32. Rxc1 Nf5 33. Rd1 Rhe8 34.
g4 hxg4 35. hxg4 Nd6 36. Nb7 Rc2+ 37. Ke1 Nc4 38. Rxd5 e3 39. Nd6+ Nxd6 40. Rxd6
exf2+ 41. Kf1 Rh8 0-1

[Event "Moscow Open C University Men"]
[Site "Moscow RUS"]
[Date "2011.01.29"]
[Round "1.19"]
[White "Aldokhin, Ivan"]
[Black "Cherny, Oleg"]
[Result "1-0"]
[WhiteTitle "IM"]
[WhiteElo "2391"]
[BlackElo "2046"]
[WhiteFideId "24115720"]
[BlackFideId "24115886"]
[EventDate "2011.01.29"]

1. e4 Nf6 2. e5 Nd5 3. Nf3 d6 4. d4 Bg4 5. Be2 e6 6. O-O Be7 7. c4 Nb6 8. Nc3
Nc6 9. exd6 cxd6 10. d5 Bxf3 11. Bxf3 Ne5 12. dxe6 Nxf3+ 13. Qxf3 fxe6 14. Rd1
Qc8 15. b3 Qc6 16. Qg4 Kf7 17. Bb2 Bf6 18. Qh5+ g6 19. Qe2 Rad8 20. Rd3 Bxc3 21.
Bxc3 e5 22. f4 e4 23. Rh3 Qc5+ 24. Kh1 Qf5 25. Bxh8 Rxh8 26. Re1 Nd7 27. Qxe4
Qxe4 28. Rxe4 Nf6 29. Re1 Rc8 30. Rd3 Rc6 31. g3 Ra6 32. Re2 Rc6 33. Kg2 Ra6 34.
Rde3 Ng8 35. Kf3 Rc6 36. g4 Rc8 37. h4 Rd8 38. g5 Rc8 39. Kg4 h5+ 40. Kf3 Rf8
41. f5 gxf5 42. Kf4 d5 43. Rd3 Ne7 44. Rxe7+ Kxe7 45. Rxd5 Rg8 46. Kxf5 Rf8+ 47.
Kg6 Rf2 48. Rf5 Rxa2 49. Kh7 1-0

[Event "Moscow Open C University Men"]
[Site "Moscow RUS"]
[Date "2011.01.29"]
[Round "1.20"]
[White "Gureev, Dmitry"]
[Black "Polschikov, Alexey"]
[Result "0-1"]
[BlackTitle "FM"]
[WhiteElo "2038"]
[BlackElo "2380"]
[WhiteFideId "24144428"]
[BlackFideId "24130583"]
[EventDate "2011.01.29"]

1. d4 d5 2. c4 c6 3. Nf3 Nf6 4. e3 Bg4 5. Qb3 Qb6 6. Nc3 Nbd7 7. cxd5 Qxb3 8.
axb3 Nxd5 9. Nxd5 cxd5 10. Bb5 f6 11. Bd2 e6 12. O-O Bd6 13. Rfc1 Ke7 14. Rc3 a6
15. Bd3 Nb8 16. Rcc1 Nc6 17. Bxa6 Nxd4 18. Nxd4 Rxa6 19. Rxa6 bxa6 20. f3 Bh5
21. Rc6 Ra8 22. Rb6 Be8 23. Rb7+ Bd7 24. Bb4 Bxb4 25. Rxb4 Kd6 26. Ne2 g5 27.
Rd4 Rb8 28. Rd3 Bb5 29. Rd2 Bxe2 30. Rxe2 Rxb3 31. Kf2 e5 32. Rd2 f5 33. Ke2 h5
34. Kf2 a5 35. Ke2 a4 36. Kf2 Kc5 37. Rc2+ Kb5 38. Ke2 g4 39. Rd2 d4 40. exd4
exd4 41. fxg4 fxg4 42. Kd1 Kc4 43. Rf2 h4 44. Kc1 Re3 45. Rf4 Kd3 46. Kd1 Re4
47. Rf2 Kc4 48. Rf8 d3 49. Ra8 Kb3 50. Rb8+ Rb4 51. Rd8 Kxb2 52. Rxd3 a3 0-1

[Event "Moscow Open C University Men"]
[Site "Moscow RUS"]
[Date "2011.01.29"]
[Round "1.22"]
[White "Kuzin, Sergey"]
[Black "Tilicheev, Viacheslav"]
[Result "0-1"]
[BlackTitle "FM"]
[WhiteElo "2028"]
[BlackElo "2338"]
[WhiteFideId "24124796"]
[BlackFideId "24114928"]
[EventDate "2011.01.29"]

1. d4 Nf6 2. c4 e6 3. Nf3 d5 4. cxd5 exd5 5. Nc3 Bb4 6. g3 O-O 7. Bg2 Ne4 8. Bd2
Nxd2 9. Qxd2 c6 10. O-O Nd7 11. Qf4 Re8 12. Rfe1 Nf6 13. a3 Bd6 14. Qc1 h6 15.
b4 Ne4 16. Na4 Qf6 17. Nc5 g5 18. Nd3 a5 19. Qb2 axb4 20. axb4 Rxa1 21. Rxa1 g4
22. Nfe5 Nxf2 23. Nxf2 Rxe5 24. Nxg4 Bxg4 25. dxe5 Bxe5 26. Ra8+ Kg7 27. Qc2
Bd4+ 28. Kh1 Qf2 29. Qb1 Qe3 30. Rb8 Bxe2 31. Qe1 Bc3 32. Qg1 Qd2 33. Re8 d4 34.
h4 Bc4 35. Rd8 Qe3 36. Qb1 d3 37. Qd1 Qxg3 38. h5 0-1

[Event "Moscow Open C University Men"]
[Site "Moscow RUS"]
[Date "2011.01.29"]
[Round "1.23"]
[White "Omariev, Maksim"]
[Black "Guseinov, Djelal"]
[Result "0-1"]
[WhiteTitle "FM"]
[WhiteElo "2335"]
[BlackElo "1997"]
[WhiteFideId "4193423"]
[BlackFideId "4106571"]
[EventDate "2011.01.29"]

1. e4 e6 2. d4 d5 3. Nc3 Bb4 4. exd5 exd5 5. Bd3 Nc6 6. a3 Be7 7. Nge2 Bf6 8.
O-O Bg4 9. h3 Be6 10. Be3 Nge7 11. g4 g6 12. f3 h5 13. Kg2 Qd7 14. Na4 hxg4 15.
fxg4 Bxg4 16. hxg4 Qxg4+ 17. Ng3 Qh3+ 18. Kf3 Bxd4 19. Bf4 g5 20. Bxc7 Be5 21.
Qe1 Bxc7 22. Rh1 g4+ 23. Ke3 d4+ 24. Ke2 Qg2+ 25. Qf2 Qxf2+ 26. Kxf2 O-O-O 27.
Nf5 Rdg8 0-1

[Event "Moscow Open C University Men"]
[Site "Moscow RUS"]
[Date "2011.01.29"]
[Round "1.24"]
[White "Grinenko, Viktor"]
[Black "Gutenev, Alexander"]
[Result "0-1"]
[BlackTitle "FM"]
[WhiteElo "1981"]
[BlackElo "2328"]
[WhiteFideId "4110609"]
[BlackFideId "4195540"]
[EventDate "2011.01.29"]

1. d4 Nf6 2. c4 g6 3. Nc3 d5 4. cxd5 Nxd5 5. Bd2 Bg7 6. e4 Nb6 7. Be3 O-O 8. h3
f5 9. exf5 Bxf5 10. Nf3 Nc6 11. Be2 Kh8 12. Qd2 e5 13. O-O-O exd4 14. Nxd4 Bd7
15. h4 Nxd4 16. Bxd4 Bc6 17. Bxg7+ Kxg7 18. Qxd8 Raxd8 19. Rxd8 Rxd8 20. f3 Rd4
21. Kc2 a6 22. h5 g5 23. h6+ Kf6 24. Bd3 Rd7 25. Re1 g4 26. fxg4 Kg5 27. Re5+
Kf4 28. Rf5+ Kxg4 29. Re5 Bxg2 30. Re8 Kh5 31. Re6 Bh3 32. Re3 Bg4 33. Ne4 Nd5
34. Rg3 Nb4+ 35. Kc3 Rxd3+ 0-1